[Event "10th Vellmar Chess Days"]
[Site "chess24.com"]
[Date "2018.07.13"]
[Round "2.19"]
[White "Silini, Jalel"]
[Black "Stoy, Ulf"]
[Result "1/2-1/2"]
[WhiteElo "1702"]
[BlackElo "2006"]
[PlyCount "122"]
[EventDate "2018.??.??"]
[WhiteTeam "Deutschland"]
[BlackTeam "Deutschland"]
[WhiteTeamCountry "GER"]
[BlackTeamCountry "GER"]
[WhiteClock "1:30:30"]
[BlackClock "1:30:30"]

1. e4 d6 2. d4 g6 3. Nf3 Bg7 4. Nc3 a6 5. Bd3 b5 6. Be3 Bb7 7. O-O Nd7 8. Qd2
c5 9. dxc5 Nxc5 10. Rad1 Rc8 11. Rfe1 Qc7 12. Bd4 Nf6 13. e5 dxe5 14. Bxe5 Qc6
15. Be4 Ncxe4 16. Nxe4 O-O 17. Nxf6+ Bxf6 18. Bxf6 Qxf6 19. Ne5 Rc7 20. f3 Rfc8
21. c3 e6 22. Ng4 Qe7 23. Qd4 Qc5 24. Nf6+ Kh8 25. Qxc5 Rxc5 26. Rd7 R5c7 27.
Red1 Bc6 28. R7d6 Kg7 29. Ng4 a5 30. Ne5 Bd5 31. Rb6 f6 32. Nd3 Rb7 33. Rxb7+
Bxb7 34. Nf4 Bc6 35. Nxe6+ Kf7 36. Nd4 Be8 37. Re1 b4 38. cxb4 axb4 39. Kf2 Ra8
40. Ra1 Bd7 41. Nc2 Rb8 42. Nd4 Ke7 43. Ke3 Kd6 44. a4 bxa3 45. bxa3 Ba4 46.
Rc1 Rb2 47. Ne2 Ra2 48. Rc3 Bd7 49. Rd3+ Ke7 50. Nc3 Rxg2 51. Nd5+ Kf7 52. Nf4
Rxh2 53. Rxd7+ Ke8 54. Ra7 Ra2 55. a4 Ra3+ 56. Kf2 g5 57. Nd5 f5 58. Nf6+ Kd8
59. Nxh7 g4 60. fxg4 fxg4 61. Nf6 Rf3+ 1/2-1/2

[Event "10th Vellmar Chess Days"]
[Site "chess24.com"]
[Date "2018.07.13"]
[Round "2.20"]
[White "Kroemer, Alexander"]
[Black "Tremoehlen, Thomas"]
[Result "1/2-1/2"]
[WhiteElo "1564"]
[BlackElo "1980"]
[PlyCount "68"]
[EventDate "2018.??.??"]
[WhiteTeam "Deutschland"]
[BlackTeam "Deutschland"]
[WhiteTeamCountry "GER"]
[BlackTeamCountry "GER"]
[WhiteClock "1:30:30"]
[BlackClock "1:30:30"]

1. e4 c5 2. Nf3 Nc6 3. d4 cxd4 4. Nxd4 e5 5. Nxc6 bxc6 6. Bc4 Qh4 7. Qe2 Nf6 8.
Nd2 Bc5 9. Bxf7+ Kxf7 10. Qc4+ Kg6 11. Qxc5 Nxe4 12. Nxe4 Qxe4+ 13. Be3 Qd5 14.
Qe7 Qe6 15. Qxe6+ dxe6 16. O-O-O Kf6 17. Rd6 Bb7 18. Rd7 Rhb8 19. Bc5 h5 20.
Rhd1 g5 21. Bd6 Bc8 22. Rd8 Rb7 23. Rf8+ Rf7 24. Bxe5+ Kg6 25. Rg8+ Kf5 26. Bc3
Bb7 27. Rxa8 Bxa8 28. Rd3 c5 29. f3 c4 30. Rd8 Bd5 31. h3 Kf4 32. Rg8 Rf5 33.
g4 hxg4 34. fxg4 Rf7 1/2-1/2

[Event "10th Vellmar Chess Days"]
[Site "chess24.com"]
[Date "2018.07.13"]
[Round "2.21"]
[White "Kuschel, Heidi"]
[Black "Reichenbaecher, Thomas"]
[Result "0-1"]
[WhiteElo "1734"]
[BlackElo "1966"]
[PlyCount "100"]
[EventDate "2018.??.??"]
[WhiteTeam "Deutschland"]
[BlackTeam "Deutschland"]
[WhiteTeamCountry "GER"]
[BlackTeamCountry "GER"]
[WhiteClock "1:30:30"]
[BlackClock "1:30:30"]

1. Nf3 c5 2. g3 Nc6 3. Bg2 Nf6 4. O-O g6 5. c4 Bg7 6. Nc3 O-O 7. d3 d5 8. Nd2
e6 9. Rb1 d4 10. Nce4 Nxe4 11. Nxe4 Qe7 12. b3 a5 13. a4 h6 14. Ba3 Nb4 15. Rb2
Na6 16. Qe1 f5 17. Nd2 Rb8 18. Rc2 b6 19. f4 Bb7 20. Nf3 g5 21. Kh1 g4 22. Nh4
Bxg2+ 23. Kxg2 Qb7+ 24. Kg1 Rbe8 25. Qf2 Nb8 26. Qg2 Qxg2+ 27. Kxg2 Kf7 28. Bb2
Nc6 29. Ba1 Bf6 30. Bb2 Bxh4 31. gxh4 Kg6 32. Bc1 Rd8 33. Rd2 Rfe8 34. Rdd1 Rd7
35. Rde1 Nb4 36. Bd2 Nc2 37. Rc1 Ne3+ 38. Bxe3 dxe3 39. Kg3 Kf6 40. Rh1 e5 41.
fxe5+ Kxe5 42. Rhf1 Rd4 43. Rce1 h5 44. Kg2 Rg8 45. Kg3 f4+ 46. Kg2 Rdd8 47.
Rd1 Rdf8 48. Rde1 Kd4 49. Rc1 f3+ 50. Kg3 fxe2 0-1

[Event "10th Vellmar Chess Days"]
[Site "chess24.com"]
[Date "2018.07.13"]
[Round "2.22"]
[White "Hansult, Manfred"]
[Black "Zahn, Richard"]
[Result "0-1"]
[WhiteElo "1842"]
[BlackElo "2090"]
[PlyCount "92"]
[EventDate "2018.??.??"]
[WhiteTeam "Deutschland"]
[BlackTeam "Deutschland"]
[WhiteTeamCountry "GER"]
[BlackTeamCountry "GER"]
[WhiteClock "1:30:30"]
[BlackClock "1:30:30"]

1. d4 e6 2. Nf3 f5 3. g3 Nf6 4. Bg2 d5 5. O-O Bd6 6. b3 Qe7 7. Bb2 O-O 8. Qc1
Nbd7 9. Ba3 Ne4 10. Bxd6 Nxd6 11. e3 Qf6 12. c4 c6 13. Nbd2 g5 14. Qa3 Ne4 15.
Nxe4 fxe4 16. Nd2 g4 17. Qd6 e5 18. Qxf6 Rxf6 19. cxd5 cxd5 20. Rac1 exd4 21.
exd4 Nf8 22. b4 b6 23. a4 Bd7 24. a5 Ne6 25. Nb3 Raf8 26. Rc2 Ba4 27. Rb2 Bxb3
28. Rxb3 Nxd4 29. Rb2 Nf5 30. Rd2 Rd6 31. Rfd1 Rfd8 32. axb6 axb6 33. h3 h5 34.
hxg4 hxg4 35. Kf1 Kg7 36. Ke2 Kf6 37. b5 Ke5 38. Kf1 Rh8 39. Ke2 Rh2 40. Kf1 d4
41. Kg1 Rhh6 42. Re1 e3 43. fxe3 dxe3 44. Rde2 Rd3 45. Bc6 Kd4 46. Be8 Nxg3 0-1

[Event "10th Vellmar Chess Days"]
[Site "chess24.com"]
[Date "2018.07.13"]
[Round "2.23"]
[White "Brockhoff, Moritz"]
[Black "Pabst, Olaf"]
[Result "1-0"]
[WhiteElo "1927"]
[BlackElo "1593"]
[PlyCount "31"]
[EventDate "2018.??.??"]
[WhiteTeam "Deutschland"]
[BlackTeam "Deutschland"]
[WhiteTeamCountry "GER"]
[BlackTeamCountry "GER"]
[WhiteClock "1:30:30"]
[BlackClock "1:30:30"]

1. Nf3 d5 2. c4 Nc6 3. cxd5 Qxd5 4. Nc3 Qh5 5. d4 Bg4 6. e4 Bxf3 7. gxf3 O-O-O
8. Be3 e5 9. d5 Nd4 10. Be2 c5 11. Na4 Nf6 12. Bxd4 cxd4 13. Qb3 Rd6 14. Rc1+
Kb8 15. Qc4 Be7 16. Qc7+ 1-0

[Event "10th Vellmar Chess Days"]
[Site "chess24.com"]
[Date "2018.07.13"]
[Round "2.24"]
[White "Arya Nirag Shah"]
[Black "Braun, Ingram"]
[Result "1/2-1/2"]
[WhiteElo "1819"]
[BlackElo "2065"]
[PlyCount "51"]
[EventDate "2018.??.??"]
[WhiteTeam "Indien"]
[BlackTeam "Deutschland"]
[WhiteTeamCountry "IND"]
[BlackTeamCountry "GER"]
[WhiteClock "1:30:30"]
[BlackClock "1:30:30"]

1. d4 c5 2. c3 Qa5 3. Nd2 cxd4 4. Nb3 Qb6 5. Qxd4 Qxd4 6. cxd4 Nf6 7. Bf4 d5 8.
Rc1 Nc6 9. h3 e6 10. a3 Ne4 11. e3 Bd6 12. Bxd6 Nxd6 13. Nf3 f6 14. Be2 Ke7 15.
O-O Bd7 16. Rfd1 Rhc8 17. Bd3 g6 18. h4 Be8 19. Kf1 h6 20. Ke2 Nd8 21. g4 Ba4
22. Rxc8 Rxc8 23. Nfd2 Bb5 24. Bxb5 Nxb5 25. Rc1 Rxc1 26. Nxc1 1/2-1/2

[Event "10th Vellmar Chess Days"]
[Site "chess24.com"]
[Date "2018.07.13"]
[Round "2.25"]
[White "Krausse, Eckhard"]
[Black "Lange, Lars"]
[Result "0-1"]
[WhiteElo "1974"]
[BlackElo "1846"]
[PlyCount "43"]
[EventDate "2018.??.??"]
[WhiteTeam "Deutschland"]
[BlackTeam "Deutschland"]
[WhiteTeamCountry "GER"]
[BlackTeamCountry "GER"]
[WhiteClock "1:30:30"]
[BlackClock "1:30:30"]

1. e4 c5 2. Nf3 d6 3. d3 Nc6 4. g3 g6 5. Bg2 Bg7 6. O-O e6 7. Nbd2 Nge7 8. Re1
O-O 9. h4 b5 10. a4 bxa4 11. Rxa4 Rb8 12. Nb3 e5 13. Be3 Qb6 14. Nfd2 Be6 15.
Kh2 Nd4 16. Bxd4 cxd4 17. Bh3 Bxh3 18. Kxh3 Qc7 19. Kh2 Nc8 20. Ra2 Nb6 21. Na5
f5 22. b3 0-1

[Event "10th Vellmar Chess Days"]
[Site "chess24.com"]
[Date "2018.07.13"]
[Round "2.26"]
[White "Kanbach, Mike"]
[Black "Boder, Jan"]
[Result "1/2-1/2"]
[WhiteElo "1817"]
[BlackElo "1848"]
[PlyCount "58"]
[EventDate "2018.??.??"]
[WhiteTeam "Deutschland"]
[BlackTeam "Deutschland"]
[WhiteTeamCountry "GER"]
[BlackTeamCountry "GER"]
[WhiteClock "1:30:30"]
[BlackClock "1:30:30"]

1. Nf3 Nf6 2. d4 g6 3. Nbd2 Bg7 4. e4 d6 5. Bd3 O-O 6. O-O c5 7. dxc5 dxc5 8.
Bc4 Nc6 9. c3 a6 10. a4 Rb8 11. Qe2 Qc7 12. e5 Ng4 13. e6 f5 14. h3 Nge5 15.
Re1 Nxc4 16. Nxc4 b5 17. axb5 axb5 18. Nce5 Nxe5 19. Nxe5 Rb6 20. Nd7 Bxd7 21.
exd7 e5 22. Rd1 Rd8 23. Qd3 Bf6 24. Qd5+ Kg7 25. Be3 Be7 26. Ra8 Rxa8 27. Qxa8
Rd6 28. Rxd6 Qxd6 29. Qc8 Qf6 1/2-1/2

[Event "10th Vellmar Chess Days"]
[Site "chess24.com"]
[Date "2018.07.13"]
[Round "2.28"]
[White "Koronowski, Heinz-Juergen"]
[Black "Koenig, Friedrich Theodor"]
[Result "1/2-1/2"]
[WhiteElo "1759"]
[BlackElo "1833"]
[PlyCount "86"]
[EventDate "2018.??.??"]
[WhiteTeam "Deutschland"]
[BlackTeam "Deutschland"]
[WhiteTeamCountry "GER"]
[BlackTeamCountry "GER"]
[WhiteClock "1:30:30"]
[BlackClock "1:30:30"]

1. e4 g6 2. d4 Bg7 3. Nf3 d6 4. Be2 a6 5. Nc3 b5 6. a3 Bb7 7. O-O Nd7 8. Be3 e6
9. Qd2 h6 10. Rad1 Ne7 11. Rfe1 d5 12. exd5 Nxd5 13. Nxd5 Bxd5 14. c3 g5 15. h3
O-O 16. Nh2 f5 17. f4 Nf6 18. Bd3 Nh7 19. Qe2 Qe8 20. Rf1 Kh8 21. g4 Qg6 22.
Nf3 Rad8 23. Bc1 gxf4 24. Bxf4 Ng5 25. Nxg5 hxg5 26. Be5 Rd7 27. Rf2 Rdf7 28.
Rdf1 c6 29. Bxg7+ Qxg7 30. gxf5 exf5 31. Rxf5 Rxf5 32. Rxf5 Rxf5 33. Bxf5 Qf7
34. Qe5+ Kg8 35. Bg4 Qg6 36. Qf5 Qxf5 37. Bxf5 Kf7 38. Kf2 a5 39. Ke3 a4 40.
Be4 Ke6 41. Kf3 Kd6 42. Ke3 Ke6 43. Bh7 Kf6 1/2-1/2

[Event "10th Vellmar Chess Days"]
[Site "chess24.com"]
[Date "2018.07.13"]
[Round "2.29"]
[White "Simukov, Erik"]
[Black "Woellenstein, Sebastian"]
[Result "1-0"]
[WhiteElo "1813"]
[BlackElo "1786"]
[PlyCount "49"]
[EventDate "2018.??.??"]
[WhiteTeam "Deutschland"]
[BlackTeam "Deutschland"]
[WhiteTeamCountry "GER"]
[BlackTeamCountry "GER"]
[WhiteClock "1:30:30"]
[BlackClock "1:30:30"]

1. e4 c5 2. Nf3 d6 3. d4 cxd4 4. Nxd4 Nf6 5. Nc3 g6 6. Be3 Bg7 7. f3 O-O 8. Qd2
Nc6 9. O-O-O d5 10. Qe1 Be6 11. h4 h5 12. Nxe6 fxe6 13. Qg3 Qe8 14. exd5 exd5
15. Rxd5 Nxd5 16. Nxd5 Rc8 17. Bc4 Kh7 18. Nc7 Be5 19. Qg5 Bf4 20. Bxf4 Rxf4
21. Nxe8 Rxc4 22. Qd5 Nd8 23. Qe5 Rxc2+ 24. Kb1 Ne6 25. Qxe6 1-0

[Event "10th Vellmar Chess Days"]
[Site "chess24.com"]
[Date "2018.07.13"]
[Round "2.30"]
[White "Ruhl, Marcel"]
[Black "Reitz, Theresa"]
[Result "0-1"]
[WhiteElo "1721"]
[BlackElo "1879"]
[PlyCount "28"]
[EventDate "2018.??.??"]
[WhiteTeam "Deutschland"]
[BlackTeam "Deutschland"]
[WhiteTeamCountry "GER"]
[BlackTeamCountry "GER"]
[WhiteClock "1:30:30"]
[BlackClock "1:30:30"]

1. d4 Nf6 2. c4 g6 3. Nc3 d5 4. Bf4 Bg7 5. e3 O-O 6. Nf3 c5 7. cxd5 Nxd5 8.
Nxd5 Qxd5 9. Be2 cxd4 10. exd4 Nc6 11. Be5 Nxe5 12. dxe5 Qa5+ 13. Qd2 Qxd2+ 14.
Nxd2 Bxe5 0-1

[Event "10th Vellmar Chess Days"]
[Site "chess24.com"]
[Date "2018.07.13"]
[Round "2.31"]
[White "Retzlaff, Thomas"]
[Black "Michels, Fabio"]
[Result "1/2-1/2"]
[WhiteElo "1879"]
[BlackElo "1729"]
[PlyCount "120"]
[EventDate "2018.??.??"]
[WhiteTeam "Deutschland"]
[BlackTeam "Deutschland"]
[WhiteTeamCountry "GER"]
[BlackTeamCountry "GER"]
[WhiteClock "1:30:30"]
[BlackClock "1:30:30"]

1. d4 Nf6 2. Bf4 g6 3. Nf3 Bg7 4. e3 O-O 5. c4 c5 6. Nc3 cxd4 7. exd4 d5 8. h3
Nc6 9. c5 Nd7 10. Be2 e5 11. dxe5 Ndxe5 12. O-O Be6 13. Nb5 Qa5 14. a3 Nxf3+
15. gxf3 Bxb2 16. Bc7 b6 17. cxb6 axb6 18. Rb1 Be5 19. Rc1 Bxh3 20. Rxc6 Bxf1
21. Bxf1 Bxc7 22. Rxc7 Rad8 23. Qd4 Qe1 24. Qxb6 Rde8 25. Qd4 Re5 26. Qh4 Rh5
27. Qg3 Rh1+ 28. Kxh1 Qxf1+ 29. Kh2 Qxb5 30. Qd6 Qb2 31. Kg2 Ra8 32. Qe7 Rf8
33. a4 d4 34. Qd7 Qd2 35. Qd5 d3 36. a5 Qe1 37. a6 d2 38. Rd7 d1=Q 39. Qxd1
Qxd1 40. Rxd1 Ra8 41. Rd6 Kf8 42. Rb6 Ke8 43. Kg3 Kd8 44. Rb7 Rxa6 45. Rxf7 h6
46. Rh7 g5 47. f4 gxf4+ 48. Kxf4 Rf6+ 49. Kg3 Ke8 50. f4 Kf8 51. Kg4 Kg8 52.
Ra7 Rf7 53. Ra6 Kg7 54. f5 Rf6 55. Ra7+ Rf7 56. Ra8 Rf8 57. Ra1 Rf6 58. Kf4 Rf7
59. Rg1+ Kf8 60. Rg6 Ra7 1/2-1/2

[Event "10th Vellmar Chess Days"]
[Site "chess24.com"]
[Date "2018.07.13"]
[Round "2.32"]
[White "Werner, Rosalie"]
[Black "Haack, Kevin"]
[Result "0-1"]
[WhiteElo "1564"]
[BlackElo "1869"]
[PlyCount "110"]
[EventDate "2018.??.??"]
[WhiteTeam "Deutschland"]
[BlackTeam "Deutschland"]
[WhiteTeamCountry "GER"]
[BlackTeamCountry "GER"]
[WhiteClock "1:30:30"]
[BlackClock "1:30:30"]

1. e4 c5 2. Nf3 g6 3. d4 cxd4 4. Nxd4 Nf6 5. c4 Nxe4 6. f3 Nf6 7. Nc3 Bg7 8.
Be2 O-O 9. O-O Nc6 10. Be3 d5 11. Bf2 e5 12. Nxc6 bxc6 13. cxd5 cxd5 14. Bd3
Bb7 15. Re1 d4 16. Ne4 Nxe4 17. Bxe4 Bxe4 18. fxe4 f5 19. Qd3 Qf6 20. Re2 Rad8
21. Rd1 fxe4 22. Qxe4 Qf5 23. Rd3 Qxe4 24. Rxe4 Rc8 25. Rd2 Bh6 26. Rd1 Rc2 27.
Bg3 Be3+ 28. Kh1 Rd2 29. Re1 Re2 30. Ra1 d3 31. h3 Bd4 32. Rxe2 dxe2 33. Re1
Rf1+ 34. Kh2 Bg1+ 35. Kh1 Bf2+ 36. Kh2 Bxe1 37. Bxe5 Bg3+ 38. Bxg3 e1=Q 39.
Bxe1 Rxe1 40. b4 Re2 41. a3 Ra2 42. Kg3 Rxa3+ 43. Kf4 Ra4 44. Kg5 Rxb4 45. Kh6
Rb5 46. g4 a5 47. h4 a4 48. g5 Rb4 49. h5 Kf7 50. Kxh7 Rh4 51. h6 a3 52. Kh8 a2
53. Kh7 Rh5 54. Kh8 a1=Q+ 55. Kh7 Qg7# 0-1

[Event "10th Vellmar Chess Days"]
[Site "chess24.com"]
[Date "2018.07.13"]
[Round "2.33"]
[White "Thomasson, Staffan"]
[Black "Hofschlag, Dirk"]
[Result "0-1"]
[WhiteElo "1868"]
[BlackElo "1708"]
[PlyCount "139"]
[EventDate "2018.??.??"]
[WhiteTeam "Schweden"]
[BlackTeam "Deutschland"]
[WhiteTeamCountry "SWE"]
[BlackTeamCountry "GER"]
[WhiteClock "1:30:30"]
[BlackClock "1:30:30"]

1. c4 g6 2. g3 Bg7 3. Bg2 d6 4. d4 f6 5. Nc3 Nh6 6. Nf3 Nf7 7. h4 e5 8. h5 g5
9. Qb3 Nc6 10. dxe5 fxe5 11. h6 Bf6 12. Nd5 g4 13. Nh4 Bg5 14. Bxg5 Nxg5 15.
Qe3 Nf7 16. Be4 Nd4 17. O-O-O c6 18. Nc3 Qb6 19. Qd3 Ng5 20. e3 Nde6 21. Qxd6
Qc7 22. Qa3 Qe7 23. Qa5 Qc7 24. Qa3 Qe7 25. Qa4 Nc5 26. Qc2 Ngxe4 27. Nxe4 Nxe4
28. Qxe4 Bd7 29. Nf5 Bxf5 30. Qxf5 Rf8 31. Qxg4 Rxf2 32. Qg8+ Rf8 33. Qg7 Rf7
34. Qg8+ Rf8 35. Qg4 Rf2 36. Qh5+ Kf8 37. Rhf1 Rxf1 38. Rxf1+ Kg8 39. Rf5 Re8
40. Qg4+ Kh8 41. Rg5 Rd8 42. Rf5 Rg8 43. Qf3 Qe6 44. b3 Qxh6 45. Rxe5 Rf8 46.
Qg2 Qd6 47. Re4 Qa3+ 48. Qb2+ Qxb2+ 49. Kxb2 Rf3 50. g4 Kg7 51. Re7+ Kg6 52.
Rxb7 Rg3 53. Rxa7 Rxg4 54. Ra6 h5 55. Rxc6+ Kg5 56. Rc5+ Kg6 57. Rd5 h4 58. Rd1
h3 59. Rh1 Rg2+ 60. Kc3 h2 61. c5 Kf6 62. a4 Ke6 63. Kd4 Rb2 64. Kc4 Kf5 65. c6
Kg4 66. Kc3 Rg2 67. c7 Kf3 68. c8=Q Kxe3 69. Qh3+ Kf2 70. Rxh2 0-1

[Event "10th Vellmar Chess Days"]
[Site "chess24.com"]
[Date "2018.07.13"]
[Round "3.1"]
[White "Dorst, Johannes"]
[Black "Pap, Misa"]
[Result "0-1"]
[WhiteElo "2217"]
[BlackElo "2473"]
[PlyCount "72"]
[EventDate "2018.??.??"]
[WhiteTeam "Deutschland"]
[BlackTeam "Serbien"]
[WhiteTeamCountry "GER"]
[BlackTeamCountry "SRB"]
[WhiteClock "0:00:31"]
[BlackClock "0:18:11"]

1. e4 e5 2. Nf3 Nc6 3. Bc4 Nf6 4. d3 Be7 5. O-O O-O 6. Re1 d6 7. c3 Kh8 8. Nbd2
Nd7 9. Nf1 Nb6 10. Bb3 f5 11. exf5 Bxf5 12. h3 Bg6 13. Ng3 Qd7 14. a4 a5 15.
Be3 Ra6 16. d4 e4 17. Nd2 d5 18. Ndf1 Nd8 19. Qc1 Ne6 20. Bd1 Nc4 21. Be2 Nxe3
22. Nxe3 Rb6 23. Bg4 Qd8 24. c4 Nxd4 25. Nxd5 Nb3 26. Qd1 Bc5 27. Nxb6 Bxf2+
28. Kh1 Nxa1 29. Nd7 Bxe1 30. Qxe1 Nc2 31. Qc3 Rf2 32. Ne5 Qd2 33. Nxg6+ hxg6
34. Nxe4 Qxc3 35. Nxc3 Nd4 36. Nd1 Rc2 0-1

[Event "10th Vellmar Chess Days"]
[Site "chess24.com"]
[Date "2018.07.13"]
[Round "3.2"]
[White "Spiess, Gunter"]
[Black "Henrich, Thomas"]
[Result "1-0"]
[WhiteElo "2422"]
[BlackElo "2179"]
[PlyCount "55"]
[EventDate "2018.??.??"]
[WhiteTeam "Deutschland"]
[BlackTeam "Deutschland"]
[WhiteTeamCountry "GER"]
[BlackTeamCountry "GER"]
[WhiteClock "0:11:11"]
[BlackClock "0:12:50"]

1. d4 Nf6 2. c4 c5 3. Nf3 e6 4. g3 cxd4 5. Nxd4 Nc6 6. Bg2 Bb4+ 7. Bd2 Be7 8.
Bc3 O-O 9. O-O d5 10. cxd5 Nxd5 11. Nxc6 bxc6 12. Qc2 Qb6 13. b3 Ba6 14. Bb2
Rac8 15. Na3 Rfd8 16. Nc4 Qc5 17. Rac1 Bg5 18. e3 Nb4 19. Qb1 Nd3 20. Ba3 Qf5
21. Rc3 Bxc4 22. Rxc4 Qa5 23. Ra4 Qd2 24. h4 Bf6 25. Be4 g5 26. hxg5 Bxg5 27.
Bxd3 Rxd3 28. Bb4 1-0

[Event "10th Vellmar Chess Days"]
[Site "chess24.com"]
[Date "2018.07.13"]
[Round "3.3"]
[White "Hoffmann, Sebastian"]
[Black "Wenninger, Philipp"]
[Result "1/2-1/2"]
[WhiteElo "2174"]
[BlackElo "2371"]
[PlyCount "30"]
[EventDate "2018.??.??"]
[WhiteTeam "Deutschland"]
[BlackTeam "Deutschland"]
[WhiteTeamCountry "GER"]
[BlackTeamCountry "GER"]
[WhiteClock "1:33:13"]
[BlackClock "0:50:41"]

1. d4 d5 2. Bf4 Nf6 3. e3 c5 4. c3 e6 5. Nd2 Bd6 6. Bg3 Nc6 7. Ngf3 O-O 8. Bd3
Qe7 9. Ne5 Nd7 10. Nxd7 Bxd7 11. Bxd6 Qxd6 12. dxc5 Qxc5 13. Bxh7+ Kxh7 14.
Qh5+ Kg8 15. Ne4 Qb5 1/2-1/2

[Event "10th Vellmar Chess Days"]
[Site "chess24.com"]
[Date "2018.07.13"]
[Round "3.4"]
[White "Lesny, Florian"]
[Black "Hahn, Markus"]
[Result "1/2-1/2"]
[WhiteElo "2066"]
[BlackElo "2263"]
[PlyCount "56"]
[EventDate "2018.??.??"]
[WhiteTeam "Deutschland"]
[BlackTeam "Deutschland"]
[WhiteTeamCountry "GER"]
[BlackTeamCountry "GER"]
[WhiteClock "0:11:14"]
[BlackClock "0:00:38"]

1. e4 c5 2. Nf3 e6 3. d4 cxd4 4. Nxd4 a6 5. Bd3 Nf6 6. O-O d6 7. c4 b6 8. Nc3
Bb7 9. Qe2 Be7 10. f4 Nbd7 11. Kh1 Qc7 12. Bd2 O-O 13. Rae1 Rad8 14. b4 Rfe8
15. Nb3 Bf8 16. Rc1 Qb8 17. a4 Qa8 18. Rfe1 Rc8 19. Qf1 d5 20. e5 dxc4 21. Bxc4
Rxc4 22. Qxc4 Bxg2+ 23. Kg1 Bh3 24. Qe2 Nd5 25. Nxd5 Qxd5 26. Rc3 Bf5 27. Qc4
Qa8 28. Rce3 a5 1/2-1/2

[Event "10th Vellmar Chess Days"]
[Site "chess24.com"]
[Date "2018.07.13"]
[Round "3.5"]
[White "Reitz, Philipp"]
[Black "Nilsson, Anders 1976"]
[Result "1/2-1/2"]
[WhiteElo "1990"]
[BlackElo "2228"]
[PlyCount "119"]
[EventDate "2018.??.??"]
[WhiteTeam "Deutschland"]
[BlackTeam "Schweden"]
[WhiteTeamCountry "GER"]
[BlackTeamCountry "SWE"]
[WhiteClock "0:14:22"]
[BlackClock "0:02:18"]

1. e4 c6 2. d4 g6 3. Nc3 d5 4. Nf3 dxe4 5. Nxe4 Bg7 6. h3 Nf6 7. Bd3 O-O 8. c3
Nbd7 9. Nxf6+ exf6 10. O-O a5 11. a4 Nb6 12. Bf4 Nd5 13. Bg3 Bh6 14. Re1 Be6
15. Qc2 Qd7 16. Nd2 f5 17. Be5 f6 18. Bh2 Bf7 19. Be2 Rfe8 20. Bf3 Kg7 21. Nc4
Re6 22. Rxe6 Qxe6 23. Bxd5 cxd5 24. Nd6 f4 25. Nb5 Re8 26. Qd2 Qe2 27. Qxe2
Rxe2 28. b3 Rb2 29. Re1 Rxb3 30. Kf1 Kf8 31. Ke2 g5 32. Kf1 Bg6 33. Kg1 b6 34.
g3 Be4 35. gxf4 gxf4 36. Nd6 Bg6 37. Nb5 Rb2 38. Nc7 Bf7 39. Ne6+ Bxe6 40. Rxe6
Kf7 41. Rd6 b5 42. Rxd5 b4 43. cxb4 axb4 44. Kg2 Ra2 45. a5 b3 46. Rb5 Ra3 47.
a6 Ke6 48. a7 Rxa7 49. Rxb3 Rd7 50. Rd3 Kf5 51. Kf3 Rd5 52. Rd1 Bg5 53. Rd3 h5
54. Rd1 Rb5 55. d5 Rb3+ 56. Kg2 Rb7 57. Kf3 Ke5 58. d6 Rd7 59. Re1+ Kf5 60. Rd1
1/2-1/2

[Event "10th Vellmar Chess Days"]
[Site "chess24.com"]
[Date "2018.07.13"]
[Round "3.6"]
[White "Reichenbaecher, Thomas"]
[Black "Ruhl, Moritz"]
[Result "1/2-1/2"]
[WhiteElo "1966"]
[BlackElo "1783"]
[PlyCount "99"]
[EventDate "2018.??.??"]
[WhiteTeam "Deutschland"]
[BlackTeam "Deutschland"]
[WhiteTeamCountry "GER"]
[BlackTeamCountry "GER"]
[WhiteClock "0:29:49"]
[BlackClock "0:01:35"]

1. c4 Nf6 2. Nc3 e6 3. Nf3 d5 4. e3 c6 5. b3 Bd6 6. d4 Bb4 7. Bd2 O-O 8. c5
Nbd7 9. a3 Bxc3 10. Bxc3 Ne4 11. Bb2 f5 12. Be2 Qf6 13. O-O Nexc5 14. Ne5 Ne4
15. f3 Ng5 16. Kh1 Nxe5 17. dxe5 Qe7 18. Qd4 Bd7 19. Rac1 Rfc8 20. Qh4 Qd8 21.
Rfd1 Nf7 22. Qd4 Qe7 23. b4 b6 24. Bc3 c5 25. Qd2 Ba4 26. Re1 Qd7 27. f4 Nd8
28. Qb2 Bb5 29. Bf3 Bd3 30. Red1 Be4 31. Qf2 Bxf3 32. gxf3 Nc6 33. Rd2 cxb4 34.
Bb2 a5 35. Rg1 b5 36. e4 bxa3 37. exd5 axb2 38. dxc6 Qxc6 39. Rxb2 a4 40. Rd2
Rd8 41. Rc2 Qd7 42. Qg3 Rac8 43. Rcg2 Rc7 44. Qh4 Rdc8 45. Qf6 Rf8 46. Rxg7+
Qxg7 47. Rxg7+ Rxg7 48. Qxe6+ Kh8 49. h4 Rfg8 50. Qf6 1/2-1/2

[Event "10th Vellmar Chess Days"]
[Site "chess24.com"]
[Date "2018.07.13"]
[Round "3.7"]
[White "Meyer, Marcel"]
[Black "Weber, Samuel"]
[Result "0-1"]
[WhiteElo "1776"]
[BlackElo "2197"]
[PlyCount "94"]
[EventDate "2018.??.??"]
[WhiteTeam "Deutschland"]
[BlackTeam "Deutschland"]
[WhiteTeamCountry "GER"]
[BlackTeamCountry "GER"]
[WhiteClock "0:00:32"]
[BlackClock "0:03:25"]

1. d4 Nf6 2. Nf3 e6 3. c4 c5 4. e3 cxd4 5. exd4 d5 6. Nc3 Bb4 7. a3 Bxc3+ 8.
bxc3 Qc7 9. Qb3 O-O 10. Bd3 Nc6 11. cxd5 exd5 12. O-O h6 13. h3 Be6 14. Be3 Ne4
15. Rac1 f5 16. Rfe1 Rae8 17. Qc2 Rc8 18. c4 Na5 19. cxd5 Qxc2 20. Rxc2 Bxd5
21. Rec1 Rxc2 22. Rxc2 Rd8 23. Ne5 Nc6 24. Nxc6 Bxc6 25. f3 Nd6 26. Bf4 Nf7 27.
Be3 f4 28. Bf2 Nd6 29. Re2 Kf7 30. Be4 Nxe4 31. fxe4 Re8 32. e5 Ke6 33. Rc2 g5
34. Be1 Rd8 35. Rc4 Kd5 36. Rc1 Ke6 37. Rd1 Be4 38. Bb4 Rc8 39. Rd2 h5 40. Kf2
Rc1 41. Bf8 Rc3 42. Re2 Bxg2 43. Rb2 Bd5 44. Bh6 Kf5 45. Bf8 g4 46. hxg4+ hxg4
47. Bb4 g3+ 0-1

[Event "10th Vellmar Chess Days"]
[Site "chess24.com"]
[Date "2018.07.13"]
[Round "3.8"]
[White "Euler, Gerd"]
[Black "Brockhoff, Moritz"]
[Result "1-0"]
[WhiteElo "2307"]
[BlackElo "1927"]
[PlyCount "77"]
[EventDate "2018.??.??"]
[WhiteTeam "Deutschland"]
[BlackTeam "Deutschland"]
[WhiteTeamCountry "GER"]
[BlackTeamCountry "GER"]
[WhiteClock "1:05:42"]
[BlackClock "0:22:17"]

1. e4 e6 2. d4 d5 3. Nc3 Nf6 4. e5 Nfd7 5. Nce2 c5 6. c3 Nc6 7. f4 b5 8. Nf3
Qb6 9. f5 b4 10. fxe6 fxe6 11. Nf4 bxc3 12. bxc3 cxd4 13. Nxe6 Ndxe5 14. Nfxd4
Nxd4 15. Nxd4 Bg4 16. Be2 Qg6 17. O-O Bc5 18. Bf4 O-O 19. Bxe5 Rxf1+ 20. Qxf1
Rf8 21. Qe1 Re8 22. Bxg4 Qxg4 23. Qg3 Qxg3 24. Bxg3 Re3 25. Be1 Rd3 26. Kf1
Bxd4 27. cxd4 Rxd4 28. Rc1 Ra4 29. Rc2 Kf7 30. Ke2 Re4+ 31. Kd2 Ke6 32. Rc6+
Kf5 33. Ra6 Rb4 34. Kd3 Rb2 35. Bd2 Rb7 36. Bc3 h5 37. Rd6 g5 38. Rxd5+ Kg6 39.
Bd2 1-0

[Event "10th Vellmar Chess Days"]
[Site "chess24.com"]
[Date "2018.07.13"]
[Round "3.9"]
[White "Kersten, Uwe"]
[Black "Hagedorn, Alfons"]
[Result "1-0"]
[WhiteElo "2237"]
[BlackElo "1922"]
[PlyCount "73"]
[EventDate "2018.??.??"]
[WhiteTeam "Deutschland"]
[BlackTeam "Deutschland"]
[WhiteTeamCountry "GER"]
[BlackTeamCountry "GER"]
[WhiteClock "1:30:30"]
[BlackClock "1:30:30"]

1. e4 c5 2. Nf3 Nc6 3. d4 cxd4 4. Nxd4 Nf6 5. Nc3 d6 6. Bg5 h6 7. Bxf6 gxf6 8.
Qd2 Bd7 9. O-O-O h5 10. Nf5 Qa5 11. Bd3 Nb4 12. Kb1 Bxf5 13. exf5 Bh6 14. Qe2
Rc8 15. a3 Nxd3 16. Qxd3 Rg8 17. Nd5 Rc5 18. Nxe7 Rxg2 19. Qf3 Rxf2 20. Qxf2
Kxe7 21. Rhe1+ Re5 22. Rxe5+ dxe5 23. Qh4 Bd2 24. b4 Qd5 25. Qf2 Be3 26. Rxd5
Bxf2 27. c4 h4 28. h3 Bd4 29. Kc2 b6 30. c5 bxc5 31. bxc5 Bf2 32. Kd3 Bg1 33.
a4 Bf2 34. Ke2 Bg1 35. a5 Ke8 36. c6 Ke7 37. c7 1-0